Manual de Criminalistica (Registro nro. 8812)

Detalles MARC
000 -Cabecera
Campo de control de longitud fija 00995aam a2200385 4500
005 - Fecha y hora de la última transacción
Campo de control 20251017155431.0
008 - Elementos de longitud fija--Información general
Campo de control de longitud fija 150722b2000 xxu||||| |||| 00| 0 spa d
020 ## - International Standard Book Number
Número Internacional Estándar del Libro (ISBN) 9586353753
041 ## - Idioma
Código de idioma Español
082 ## - Clasificación Decimal Dewey
Número de clasificación 363.25 M475m4
100 ## - Entrada principal--Autor personal
Nombre personal Maza Márquez, Miguel
9 (RLIN) 17983
245 ## - Título propiamente dicho
Título Manual de Criminalistica
250 ## - Edición
Mención de edición 4 edición
260 ## - Pie de imprenta
Lugar de publicación, distribución, etc. Colombia
260 ## - Pie de imprenta
Nombre del editor, distribuidor, etc. Libreria del Profesional
260 ## - Pie de imprenta
Fecha de publicación, distribución, etc. 2000
300 ## - Descripción física
Extensión 341 páginas
490 ## - Serie
Título de la Serie Investigación Criminal
650 ## - Materia general
Temática (materia general) CRIMINALÍSTICA
650 ## - Materia general
Temática (materia general) BALÍSTICA
650 ## - Materia general
Temática (materia general) DACTILOSCOPÍA
650 ## - Materia general
Temática (materia general) QUÍMICA
650 ## - Materia general
Temática (materia general) EXPLOSIVOS
650 ## - Materia general
Temática (materia general) DOCUMENTOSCOPÍA
650 ## - Materia general
Temática (materia general) DELITOS INFORMÁTICOS
650 ## - Materia general
Temática (materia general) ESCENA DEL DELITO
650 ## - Materia general
Temática (materia general) INFORMÁTICA CRIMINALISTICA
650 ## - Materia general
Temática (materia general) CLASIFICACIÓN DE DOCUMENTOS
650 ## - Materia general
Temática (materia general) TOXICOLOGÍA
650 ## - Materia general
Temática (materia general) DROGAS
650 ## - Materia general
Temática (materia general) GRAFISMO
650 ## - Materia general
Temática (materia general) FRAUDE ELECTRÓNICO
650 ## - Materia general
Temática (materia general) VIRUS INFORMÁTICOS
942 ## - Punto de acceso adicional KOHA
Tipo de ítem KOHA Libro
Fuente del sistema de clasificación o colocación Dewey Decimal Classification
Existencias
Signatura completa Código de barras Programa Académico Tipo de ítem
363.25 M475m6 6793 Investigación Criminal Libro